[Event "LTU-ch"]
[Site "Vilnius"]
[Date "2002.05.20"]
[Round "5"]
[White "Sakalauskas, Vaidas"]
[Black "Piesina, Gintautas"]
[Result "1/2-1/2"]
[WhiteElo "2424"]
[BlackElo "2411"]
[Annotator "Kapengut"]
[PlyCount "50"]
[EventDate "2002.05.17"]
[EventType "tourn"]
[EventRounds "11"]
[EventCountry "LTU"]
[EventCategory "9"]
[SourceTitle "CBM 090"]
[Source "ChessBase"]
[SourceDate "2002.09.20"]
[SourceVersion "1"]
[SourceVersionDate "2002.09.20"]
[SourceQuality "1"]

1. d4 e6 2. c4 c5 3. d5 exd5 4. cxd5 d6 5. Nc3 g6 6. Nf3 Bg7 7. e4 a6 8. h3 b5
9. Bd3 Nf6 10. O-O O-O 11. Re1 Re8 12. a3 Nbd7 13. Bf4 Qb6 {With the different
order of moves this position was occurred enough frequently. White does not
want to enter theoretical discussions and prefers to place figures at centre
quietly and strongly .} 14. Qd2 {'Stohl: 'A complicated position. Despite
allowing Black's expansion on the Q-side, White has a strong center and that's
where his chances lie. But Black has pressure on the half open e-file, thus
making it difficult for White to make any progress. Also an advance of the
Q-side pawns may be dangerous in favourable circumstances. Basically it can be
said White's typical central plan is much harder to realize without the
typical prophylactic a4.''} Bb7 (14... c4 $5) 15. Rac1 (15. Re2 c4 16. Bc2 Nc5
17. Rae1 Nfd7 18. Be3 Qc7 19. Rd1 Rac8 20. Bd4 f6 21. Be3 Ne5 22. Nd4 Qf7 23.
f3 Re7 24. Kh1 Qe8 25. Rf1 Rec7 26. Bg1 Ned3 $132 {Aseev-Magerramov, Rostov
open 1993}) (15. Rad1 Rac8 (15... Rad8 16. Bh6 Bh8 17. Kh1 c4 18. Bc2 Ne5 19.
Nd4 Nfd7 20. Be3 Nc5 21. f4 Ned3 $132 22. Bxd3 Nxd3 23. Ne6 Qa5 24. Nxd8 Qxd8
25. Rf1 Qh4 26. Qc2 Bxc3 27. Qxc3 Rxe4 28. Rxd3 cxd3 29. Qxd3 Bxd5 30. Qxd5
Rxe3 31. Qxd6 {1/2-1/2 Estremera Panos,S-Alvarez,E/Oropesa del Mar 1996}) 16.
Bh6 Bh8 17. Qf4 Ne5 18. Nxe5 Rxe5 19. Qf3 Ree8 20. Bg5 Nd7 21. Qg3 Ne5 22. Bf1
Bg7 23. Qh4 c4 $132 {Christiansen,L-De Firmian,N/Seattle USA 2002}) 15... Rac8
16. Kh1 $146 {In this variant, when white accept activity of the opponent on
the queenside, a typical central breakthrough plan isn't so effective here
because of weakness of a pawn d5.} ({but more effective plan,when black
doesn't harry with c5-c4, with} 16. b4 $5 {and white want to get the important
square d4!} Nh5 17. Bg5 $1 (17. Be3 $5 {[%cal Ge3b6,Gc1c8]} Qd8 18. Ne2 Qe7 19.
g4 Nhf6 20. Ng3 cxb4 21. axb4 Ne5 {[%cal Ge5c4]} 22. Nxe5 Qxe5 23. f4 Qe7 24.
Bf2 Nd7 25. g5 f6 $5 26. h4 Qf7 27. Bf1 Nf8 28. Bh3 $14 {[%cal Gc1c8,Gh3c8]
Georgiev,V-Delchev,A/Benasque 1996}) (17. Bh6 Bh8 (17... Qd8 $5 18. Bxg7 Kxg7 {
[%cal Gd8f6] /\ Qf6<=>}) 18. g4 Nhf6 19. Be3 h5 (19... Qd8 $1 $132 {[%cal
Gd7b6,Gf6d7] (/\ Nb6, Nfd7)} 20. g5 Nh5 21. Nh2 $6 cxb4 22. axb4 Ne5 $36 {
[%cal Ge5d3,Ge5c4]}) 20. g5 Nh7 21. Nh4 (21. Ne2 Qd8 22. h4 (22. Ng3 $2 c4 23.
Bf1 h4 $1 {[%csl Gc4,Rg5]} 24. Nxh4 c3 25. Qc2 Nxg5 $36) 22... c4 (22... Nhf8
23. Ng3 $14 c4 24. Bf1 Ne5 25. Nxe5 Bxe5 26. f4 Bg7 27. Bd4 $16) 23. Bb1 $14 {
Dautov}) 21... Qd8 22. f4 Nhf8 23. Nf3 Nb6 24. bxc5 dxc5 25. Qf2 (25. Ne2 $2
Nxd5 $1 $17 {[%cal Gd8d5,Gb7h1]}) (25. Bf2 b4 26. axb4 cxb4 27. Ne2 Rxc1 28.
Rxc1 Nxd5 $1 29. exd5 Qxd5 $17) 25... Nfd7 26. Rf1 (26. Red1 Qe7 {[%csl Re3]
[%cal Gb6d5] /\ Nd5} 27. d6 Qxd6 28. Bxb5 Qe6 $17 {[%csl Rh3]}) (26. Ne2 Bb2
27. Rb1 Bxa3 $17) (26. Bb1 Nc4 $132) 26... Qe7 27. Nd1 c4 28. Bc2 (28. Bb1 $5)
28... Qxa3 29. f5 Bg7 (29... Qd6 30. f6 b4 $17 {[%cal Gc4c3,Gb4b3]}) 30. Nd4
Ne5 $17 {[%csl Rg1][%cal Gb6d5] Dautov,R-Lobron,E/Essen 1999/Inf 75/[Dautov,R]}
) 17... Qc7 (17... Nhf6 18. Bf4 Qd8 19. Bh2 Qe7 20. g4 $14 {1/2-1/2 Nikolaidis,
I-Wojtkiewicz,A/Komotini GP-1 1993}) (17... Ne5 $5 18. Nxe5 Bxe5 (18... Rxe5 $6
19. Be3 $14 {[%csl Re5][%cal Ge3b6]}) 19. Ne2 Bg7 20. g4 Nf6 21. Ng3 Nd7 22.
Bf1 $132 {[%cal Gg7d4,Gb6f2]}) 18. Ne2 $1 (18. a4 $6 cxb4 19. Nxb5 Qb8 20. Nbd4
Nc5 $132 {[%csl Ra4][%cal Gc5d3]}) 18... Qb8 (18... c4 $6 19. Bb1 $14 {[%csl
Rg8]}) 19. g4 Nhf6 20. Ng3 cxb4 (20... Nb6 $6 21. Bh6 $40 {[%cal Gg3f5]}) 21.
axb4 Nb6 22. Bh6 Bh8 (22... Nc4 $2 23. Bxc4 Bxh6 $8 24. Qxh6 Rxc4 25. Rxc4 bxc4
26. Nf5 $1 $18) 23. Rxc8 Qxc8 (23... Rxc8 $5 24. Nf5 Qc7 25. Qg5 Qd8 26. Qh4 (
26. N3d4 $5) 26... Rc3 27. Rd1 Nc4 28. Bxc4 Rxc4 29. Re1 $132 {[%csl Rb4,Re4]
[%cal Gh4d8]}) 24. Nf5 $1 {[%csl Rd6][%cal Gd2g5]} Qd7 25. Qf4 Rd8 (25... Nfxd5
$6 26. exd5 Rxe1+ 27. Nxe1 Be5 $1 (27... Nxd5 $140 $2 28. Qxd6 $18) 28. Qd2 (
28. Qg5 $6 f6 29. Qe3 Nxd5 30. Qa7 Bc6 31. Qxa6 Nxb4 32. Qb6 Nxd3 33. Qb8+ Qe8
34. Qc7 Qd7 $11) 28... gxf5 29. Qg5+ Kh8 30. Nf3 $1 Bc3 (30... f6 $140 $6 31.
Nxe5 $1 fxg5 32. Nxd7 Nxd7 33. Bxf5 Nf6 34. Bxg5 Nxd5 35. Be4 $18) 31. Bxf5 (
31. Qh5 $5 $40) 31... Qe8 32. Be4 $5 $16 {[%csl Rh8]}) 26. Qg5 Re8 27. Qf4 Rd8
{Rustemov Alexander-Wedberg Tom /Stockholm 84/40 2002} 28. N5d4 Rc8 29. Rc1
Rxc1+ 30. Qxc1 Nc4 $5 (30... Nxg4 $140 $6 31. hxg4 Qxg4+ 32. Kf1 Bxd4 33. Nxd4
f5 34. Qf4 $1 $18 {Rustemov,A}) 31. Qf4 Ne5 32. Bb1 Qc7 $132) 16... Nh5 17. Bh2
c4 18. Bc2 $11 Nc5 19. Rcd1 a5 $5 {Black prepare further progress queenside
pawns.} (19... Nf6 20. Qf4 Rcd8 21. Qh4 a5 $132 22. e5 $140 $6 {[%csl Rd5]}
dxe5 23. Nxe5 Nxd5 $17) 20. e5 $5 dxe5 21. Nxe5 b4 $5 22. Na4 Nxa4 (22... Qb5
$5 23. d6 $5 Bxe5 24. Bxe5 Nd3 $5 25. Bxd3 Rxe5 26. Rxe5 Qxe5 27. Bxc4 Nf4 $5
$44 {[%csl Rg2][%cal Gb7g2]}) 23. Bxa4 Red8 24. d6 ({crisper was} 24. Nd7 $5
Qa6 (24... Rxd7 $6 25. Bxd7 Rd8 26. Qe2 $1 Nf6 27. Bc6 Nxd5 28. Bxb7 Qxb7 29.
Qxc4 $16 {[%csl Rd5,Rd8][%cal Gd1d8,Ge1e8]}) 25. Re7 $5 (25. axb4 c3 $5 26.
bxc3 Bxc3 27. Qe2 (27. b5 $140 $2 Qa8 $19 {[%cal Ga8g2,Gc3e1]}) 27... Bxe1 28.
Qxe1 axb4 29. Qxb4 Qc4 $11 {[%csl Ra4,Rd1,Rd7]}) 25... c3 26. bxc3 bxc3 27. Qa2
Qc4 28. Qxc4 (28. Bb3 $6 c2 $1 29. Rc1 Qd4 30. Rxc2 (30. d6 $140 $6 a4 $19)
30... a4 31. Bc4 Bxd5 32. Bxd5 Qd1+ 33. Bg1 Rxc2 34. Bxf7+ Kh8 $19 {[%cal
Gc2c1,Gc1h1]}) 28... Rxc4 29. Bc2 Rd4 30. Rde1 $36 {[%cal Ge7e8]}) 24... c3 25.
bxc3 $5 Rxc3 (25... Rxc3 26. Nd7 $5 (26. d7 Nf6 27. Nxf7 $5 Kxf7 28. Re8 Rxh3
$1 $13 {[%cal Gb7h1]}) 26... Qa6 27. Qg5 Qa8 $132 {[%cal Ga8h1]}) 1/2-1/2

[Event "POL-ch 59th"]
[Site "Warsaw"]
[Date "2002.05.05"]
[Round "7"]
[White "Krasenkow, Michal"]
[Black "Lagowski, Patryk"]
[Result "1-0"]
[WhiteElo "2641"]
[BlackElo "2321"]
[Annotator "Kapengut"]
[PlyCount "79"]
[EventDate "2002.04.29"]
[EventType "tourn"]
[EventRounds "13"]
[EventCountry "POL"]
[EventCategory "10"]
[SourceTitle "CBM 089"]
[Source "ChessBase"]
[SourceDate "2002.08.12"]
[SourceVersion "1"]
[SourceVersionDate "2002.08.12"]
[SourceQuality "1"]

1. d4 Nf6 2. c4 c5 3. d5 e6 4. Nc3 exd5 5. cxd5 d6 6. e4 g6 7. h3 Bg7 8. Nf3
O-O 9. Bd3 b5 10. Bxb5 Nxe4 11. Nxe4 Qa5+ 12. Nfd2 Qxb5 13. Nxd6 Qa6 14. N2c4
Nd7 15. O-O Nb6 16. Nxb6 Qxb6 17. Nxc8 Raxc8 {Current opening theory has more
and more forced lines, which after forced play lead directly into an _|_. This
variation is one of them, there is almost no middlegame.} 18. Bg5 {This move
doesn't get even a slight advantage.} Qxb2 19. Qf3 Qe5 (19... Rfe8 $6 20. d6
Qe5 21. d7 Qxg5 22. dxc8=Q Rxc8 23. Rab1 $1 c4 24. Qb7 (24. Rb7 Qf6 25. Qg4 Qe6
26. Qxe6 fxe6 27. Rc1 c3 28. Rc2 Bd4 $14) 24... Qc5 25. Rb5 Qc6 26. Qxc6 Rxc6
27. Rb8+ Bf8 28. Rd1 c3 29. Rc1 h5 30. Kf1 $16 {Sismanis,A-Kirgeridis,P/
Halkidiki GRE 2001}) 20. Bf4 (20. h4 $5 Rfe8 21. Rab1 h6 $5 (21... Qc7 $6 22.
Rfd1 Qd7 23. d6 Rb8 24. Rxb8 Rxb8 25. h5 Re8 26. h6 Bf8 27. Qd5 Re6 28. Bf4 $16
{Halkias,S-Stefanopoulos,O/Athens 1999}) 22. Be3 Qe4 {[%csl Rd5]} 23. Qxe4 Rxe4
24. Rb7 Rd8 25. Rxa7 Rxd5 $11) (20. Bh4 g5 21. Bg3 Qf6 22. Qa3 Qd8 23. Rad1 f5
$5 $132 {[%csl Rg3]}) 20... Qf5 21. g4 {Black is afraid of pawn d5, but for
white unnecessarily to weaken own kingside. After a few moves the pawn on h3
may become a target.} (21. Rad1 Rfd8 22. Rfe1 c4 23. g4 Qf6 $132) 21... Qf6 22.
Qg3 g5 $6 {[%csl Rg5] Lately White managed to create some problems for Black
especially after this move.} (22... Rfd8 23. Rad1 c4 24. d6 Rd7 25. Rfe1 c3 26.
Be5 $11) ({Now it became clear that White has got nothing after the opening
and he has to play carefully in order to keep the balance. After} 22... Qa6 $5
23. Be5 Bxe5 24. Qxe5 Qd3 25. Kg2 Rfe8 26. Rfd1 Qxh3+ $15) 23. Bc7 Qc3 24. Rac1
(24. Qxc3 Bxc3 25. Rac1 Rxc7 26. Rxc3 Rd8 27. Rd1 $11) 24... Qxg3+ 25. Bxg3 Bd4
$6 (25... f5 $5 26. Bd6 Rfd8 27. Bxc5 Rxd5 28. Be3 Rxc1 29. Rxc1 f4 $11) (25...
c4 $5 26. f4 Rfd8 27. Rfd1 h6 $11) 26. d6 Rcd8 27. Rfe1 Rd7 28. Re4 Kg7 29.
Rce1 Rfd8 30. Kf1 h6 31. Re7 $14 Kf8 $6 ({Black's task is not so simple,
although with accurate play he should be able to save the game.} 31... Kf6 32.
f4 $5 Rxe7 33. dxe7 Re8 34. h4 $1 gxh4 35. Bxh4+ Kg7 36. f5 f6 37. Bf2 Kf7 38.
Bxd4 cxd4 39. Rd1 $14 {[%csl Ra7,Rf6,Rh6] Now Black has a passive, but
defensible position.}) 32. R1e4 Bf6 (32... h5 $6 33. Ke2 $1 {Unpleasant
surprise! White,s king has to start dangerous trip to the center of the board}
(33. gxh5 $140 $6 f5) 33... h4 34. Bh2 Bf6 35. Rxd7 Rxd7 36. Kd3 Bd4 37. Kc4
Bxf2 38. Kd5 Bg3 39. Bxg3 hxg3 40. Kc6 $18) 33. Rxd7 Rxd7 34. Ke2 $16 Rb7 (
34... Bd4 35. Kd3 h5 36. Kc4 h4 37. Bh2 Bxf2 38. Kd5 {-32...h5}) 35. Kd3 Rb4
36. d7 $1 $18 Rb1 (36... Rxe4 $140 37. Bd6+ $18) 37. Kc2 Rb2+ 38. Kc1 Rxa2 39.
Re8+ Kg7 40. Be5 $1 1-0

[Event "RUS Cup final 6th"]
[Site "Nefteyugansk"]
[Date "2002.10.06"]
[Round "1"]
[White "Bocharov, Dmitry"]
[Black "Popov, Valerij"]
[Result "1-0"]
[WhiteElo "2502"]
[BlackElo "2568"]
[Annotator "Kapengut"]
[PlyCount "67"]
[EventDate "2002.10.06"]
[EventType "tourn"]
[EventRounds "11"]
[EventCountry "RUS"]
[EventCategory "11"]
[SourceTitle "CBM 092"]
[Source "ChessBase"]
[SourceDate "2003.02.06"]
[SourceVersion "1"]
[SourceVersionDate "2003.02.06"]
[SourceQuality "1"]

1. d4 Nf6 2. Nf3 c5 3. d5 e6 4. c4 exd5 5. cxd5 d6 6. Nc3 g6 7. h3 Bg7 8. e4
O-O 9. Bd3 Bd7 {A relatively less played idea, which however can give Black
very good counterplay if White doesn't react accurately.} 10. a4 {White limits
Black's << expansion, but instead he gives up the important square b4.} ({
It's not typical for White to ignore Black's << expansion with b5 in Benoni
positions; nevertheless he doesn't need to hurry with a4. After} 10. Bf4 Re8 $1
11. O-O b5 $5 {one of the basic positions of the variation have been reached.})
10... Na6 (10... Re8 11. O-O c4 (11... Na6 12. Re1 Nb4 13. Bb1 c4 14. Bf4 Qb6 (
14... a5 15. Bxd6 Bxh3 $6 16. e5 $1 $16) 15. a5 Qc5 16. Qd2 b6 17. Be3 Qc7 18.
axb6 axb6 19. Rxa8 Rxa8 20. Nb5 Bxb5 21. Qxb4 Ra5 22. Nd4 Qd7 (22... Qc5 $5)
23. Bc1 Nxd5 $5 (23... Ne8 $6 24. Nc6 Bxc6 25. Qxb6 Ra1 26. dxc6 Qc7 {Molnar,
L-Kraai,J/Budapest 1998} 27. Be3 $16) 24. exd5 Bxd4 25. b3 Ba6 $132) 12. Bc2 (
12. Bxc4 Nxe4 13. Nxe4 Rxe4 14. Bd3 Re8 {without a4 Bd7} 15. Qb3 Na6 $1 16. Be3
Nc5 17. Bxc5 dxc5 18. Qxb7 Qc8 19. Qxc8 Rexc8 (19... Raxc8 20. Bb5 $1) 20. Ba6
Rcb8 21. Rac1 Rxb2 22. Rxc5 Bxa4 $11 {Bazan Solera,M-O'Neill y Dayneko,J/
Asturias 1995}) 12... Na6 13. Be3 (13. Bf4 Qb6 14. Rb1 Nb4 15. e5 dxe5 16. Nxe5
Nxc2 17. Nxd7 Nxd7 18. Qxc2 a6 (18... Nc5 $6 19. Nb5 $1) (18... Ne5 $5) 19.
Rfd1 Ne5 20. Be3 Qb4 21. d6 $5 Rad8 22. Nd5 Qxd6 23. Bg5 Nd3 $5 24. Bxd8 Qxd5
25. Bb6 Qg5 26. Qxc4 $6 (26. g3 Qf6 27. a5 $44) 26... Nxb2 27. Rxb2 Bxb2 $15 {
Vioreanu,B-Ardelean,G/Sovata 2001}) (13. Re1 Nc5 14. Bf4 Qb6 15. Rb1 Rac8 16.
e5 $5 dxe5 17. Nxe5 Nb3 $6 (17... Qa6 18. d6 Rcd8 $13 {AK}) 18. Be3 Qd6 19.
Nxc4 $1 Rxc4 20. Bxb3 Rb4 21. Rc1 b6 22. Nb5 Bxb5 23. axb5 Rxb5 24. Qd3 Rb4 25.
Rc6 Qd7 26. Rec1 $16 {Shulman,Y-Ivanov,A/Vladivostok 1994}) 13... Nb4 (13... b6
$6 14. Nd4 (14. Bd4 $5) 14... Nc5 15. f3 a6 16. Qe2 Rc8 17. Rfd1 Re7 18. Rd2
Qe8 19. Rad1 {[%cal Gd4c6]} b5 20. axb5 axb5 21. Nc6 $1 Bxc6 22. dxc6 b4 23.
Nb5 Qxc6 24. Nxd6 $18 {Wojtaszek,R-Sikora Lerch,J/Prerove CZE 2001}) (13... Rc8
14. Bd4 (14. Bxa7 $6 b6 $13) 14... Nb4 15. Bb1 b6 16. Re1 Nh5 17. Qd2 a5 $5 18.
Be3 Na6 (18... f5 $5) 19. g4 Nf6 20. Bg5 Nc5 21. Bc2 Rb8 22. Nd4 Qe7 23. Rad1
Qf8 24. f3 h6 25. Bf4 Nh7 26. Nc6 Rbc8 27. Nb5 Ng5 28. Kg2 Be5 29. h4 Bxc6 30.
dxc6 {Tella,J-Morgado,S / 1995} Bxf4 31. Qxf4 Nge6 32. Qxd6 Qg7 $36) (13... Qa5
14. Bd4 $1 (14. Nd2 $5 Rec8 15. Qb1 $5 (15. Qe2 Nb4 16. Bb1 Qa6 17. Ra3 Rc7 (
17... Nh5 $5) 18. Nb5 $5 Bxb5 19. axb5 Qxb5 20. b3 $14 Qe8 21. bxc4 Na6 22. Bf4
Rd8 $6 (22... Qe7 {/\ Nd7+/=}) 23. Qe3 $1 Re7 24. Qxa7 $16 {Kakageldyev,
A-Moldovan,D/Romania 1994}) 15... Nb4 $6 (15... Rc7) 16. Bd1 Nd3 (16... Rc7 17.
Be2 Rac8 18. Nb5 Bxb5 19. axb5 Qxb5 20. Rxa7 $14) 17. Nxc4 Rxc4 18. Qxd3 Rac8
19. Bf3 Ne8 20. Rfc1 Rb4 21. Qd2 a6 22. Bd1 Bxc3 23. bxc3 Rxe4 24. Rcb1 Qxc3
25. Qxc3 Rxc3 26. Rxb7 Bc8 27. Rb6 $16 {Lputian,S-Dumitrache,D/Cappelle 1991})
14... Nb4 (14... Nc5 $6 15. Nd2 $5) 15. Bb1 Rac8 16. Qd2 $1 Qa6 (16... b5 $140
$2 17. Na2 $18) 17. Re1 Nd3 $140 $6 18. Bxd3 cxd3 19. b3 $16 {[%csl Rd3]}) 14.
Bb1 Qa5 (14... a5 15. Re1 Re7 (15... h6 16. Qd2 g5 $14 {AK}) 16. Qd2 Ne8 17.
Nd4 Nc7 18. Bg5 f6 19. Bf4 Be8 20. Ra3 Rc8 21. b3 cxb3 22. Rxb3 Bf8 23. f3 Bf7
24. Ncb5 Re8 25. Rc3 $16 {Krallmann,M-Maus,S/Hamburg/1992/}) 15. Qd2 {[%cal
Gc3a2]} (15. Ra3 Na6 16. Nd2 Rac8 17. Ba2 Qb4 18. Qb1 Nc5 19. f3 Nxa4 20. Nxa4
Bxa4 21. Bxc4 b5 22. Bb3 Nd7 23. Kh1 Nc5 24. Bxa4 bxa4 25. Ra2 f5 (25... Bd4 $6
26. Bf4 Qb5 27. Bxd6 Nd3 28. b3 $18 {Gamundi,A-Garcia Palermo,C/Palma de
Mallorca 1992}) 26. Rc1 fxe4 27. Rc4 Qb5 $132 {AK}) 15... Qa6 16. Bd4 Rac8 17.
Re1 Nd3 (17... b5 18. Nxb5 Bxb5 19. Qxb4 $16) 18. Bxd3 cxd3 19. Rad1 Qc4 (19...
Bxa4 $4 20. Ra1 $18) 20. Qxd3 a6 21. Qxc4 Rxc4 22. e5 dxe5 23. Nxe5 Rb4 24. d6
Be6 25. Rd2 $16 {Karner,C-Stanec,N/Oberwart AUT 2002}) 11. O-O (11. Bxa6 $6
bxa6 12. Qd3 Bc8 13. O-O Nd7 14. Bf4 Qe7 15. Rfe1 Rb8 16. Qc2 Re8 17. Bg3 Rb4
18. Nd2 g5 19. b3 Ne5 20. Na2 Rb8 21. Rad1 Bd7 22. Nc4 Nxc4 23. Qxc4 Rb6 24.
Nc1 f5 $5 $15 {Silva,S-Panno,O/Sao Paulo 1993}) (11. Bf4 $5 Re8 (11... Qc7 $6
12. O-O Rfe8 13. Nd2 Nh5 14. Bh2 Be5 15. f4 Bd4+ 16. Kh1 Ng7 17. Nc4 f6 18. Ne2
b5 19. axb5 Bxb5 20. Nxd4 cxd4 21. Nxd6 $1 $18 {Gassij,O-Zaporozhchenko,A/
Kolontaevo RUS-chJW/1998}) 12. O-O Nb4 13. Re1 (13. Bxd6 Bf5 $5) 13... Nxd3 14.
Qxd3 Qc7 15. Nd2 Nh5 16. Bh2 Be5 17. Nc4 Bxh2+ 18. Kxh2 Rad8 19. Qd2 {1/2-1/2
Peisser,M-Pesorda,I/Graz op-A 1999}) (11. Bg5 h6 12. Bh4 {This position had
occurred with another order of moves.} Nb4 (12... Qb6 $5 13. Qd2 Nb4 14. O-O $1
Nxd3 15. Qxd3 g5 16. Bg3 Nh5 {/\ Qb2 Goldin,A}) 13. O-O Re8 (13... Qb6 14. Bc4
$16 {Goldin,A}) 14. Re1 Nxd3 15. Qxd3 Qb6 16. Nd2 $1 Nh5 17. Nc4 Qa6 (17... Qc7
18. Nb5 Bxb5 19. axb5 $16 {Goldin,A}) 18. b3 $1 f5 $1 (18... Rab8 $2 19. Bg3
Nxg3 20. Qxg3 g5 21. Nb5 $5 Bxa1 (21... Bxb5 $6 22. axb5 Qxb5 23. Nxd6 Qb4 24.
Nxe8 Bxa1 25. Nf6+ $1 Bxf6 26. Qxb8+ $18 {Goldin,A}) 22. Nc7 Be5 $5 (22... Qxc4
23. bxc4 Be5 24. Nxe8 $1 Bxg3 25. Nf6+ Kg7 26. Nxd7 Rd8 27. Nxc5 Bxf2+ 28. Kxf2
dxc5 29. e5 $1 $16 {Goldin,A}) 23. Nxa6 $1 (23. Qf3 Qxc4 $1 24. bxc4 Rec8 25.
Nb5 a6 26. Nc3 $44 {/+/- Goldin,A-Minasian,A,Paris 60/76 1994}) 23... Bxg3 24.
Nxb8 Bxf2+ 25. Kxf2 Rxb8 26. Nxd6 f6 27. e5 $1 fxe5 28. Rxe5 $16 {Goldin,A})
19. exf5 Bxf5 20. Qf3 (20. Qd2 g5 21. Bg3 Nxg3 22. fxg3 $13) 20... Bc2 $5 21.
Nb5 Bxa1 22. Rxe8+ Rxe8 23. Nc7 Re1+ 24. Kh2 Be4 $1 (24... Be5+ $2 25. Nxe5 Qf1
26. Qf7+ $18) 25. Qg4 Bf5 $11 {Goldin,A}) 11... Nb4 12. Bf4 $5 $146 {White
gives up the pair of bishops, but gains control over the centre, and it is not
easy for Black to find an adequate plan.} (12. Bc4 Re8 (12... Nh5 13. Re1 Qc8
14. Ra3 Re8 15. Nb5 Bxb5 16. Bxb5 (16. axb5 $6 a6 $132 {AK}) 16... Re7 17. Bg5
f6 (17... Re5 $2 18. Nxe5 Bxe5 19. Qd2 $18 {Kurz,A-Heinz,J/BL2-O 1993}) 18. Bd2
f5 $140 $6 19. exf5 Rxe1+ 20. Nxe1 Qxf5 21. g4 Qxd5 22. b3 $16 {AK}) 13. Re1 a6
14. Bf4 b5 15. Bf1 Qb6 16. e5 dxe5 17. Nxe5 bxa4 18. Nxd7 Nxd7 19. Nxa4 Rxe1
20. Qxe1 Qb7 21. Rc1 Qxd5 22. g3 $1 Nd3 (22... Qf5 $5 23. Nxc5 $140 Nd5 $132 {
AK}) 23. Rd1 c4 (23... Nxe1 24. Rxd5 Ra7 25. Be2 $16 {AK}) 24. Rxd3 cxd3 25.
Bg2 Qb3 26. Bxa8 d2 (26... Qxa4 $140 $2 27. Qe8+ Bf8 28. Bd5 $18 {AK}) 27. Bxd2
Qxa4 28. Qe8+ Bf8 29. Bd5 Qd1+ 30. Kh2 Ne5 31. Bh6 {1-0 Zimmerman,Y-Sziebert,A/
Eger/1993}) 12... Nxd3 13. Qxd3 Ne8 14. Rfe1 Qb6 {Black has some pressure on
the dark squares because of the weakening a4, but White has a strong centre
and perspectives of a break at centre with e4-e5.} 15. Re2 Rd8 ({In this
position the standard way to activate doesn't work:} 15... f5 $6 16. e5 $1 dxe5
17. Nxe5 Rd8 18. Qe3 Nf6 19. a5 Qb4 20. Nd3 Qd4 21. Nxc5 Nxd5 22. Nxd5 Qxd5 23.
Rd2 Qc6 24. Rad1 $16) 16. Qd2 Qa6 {[%cal Gb7b5]} 17. Rae1 Bxa4 $6 ({This
allows the freeing move} 17... b5 $5 18. axb5 Bxb5 19. Nxb5 Qxb5 $132) 18. Ra1
Bxc3 19. bxc3 Qc4 20. Bh6 Ng7 21. e5 $1 {This is one of the main ideas solving
the central problems in the Benoni.} Bb5 22. Rae1 Qb3 $6 ({The last chance to
defend was} 22... dxe5 23. Nxe5 (23. Rxe5 a5 $5 {[%cal Ga5a2]}) 23... Qxd5 24.
Qxd5 Rxd5 25. c4 Rxe5 26. Rxe5 Bxc4 27. Rxc5 b5 $14) 23. Re4 dxe5 24. Bxg7 $1 {
I think, at this moment White already calculated the winning combination.} (24.
Rxe5 $5 {is another possibility} a5 (24... Bc4 $140 $2 25. Qf4 $1 $18 {[%cal
Gf4f6]}) (24... Rd6 $6 25. Ng5 $1 f6 26. Bxg7 $1 fxe5 27. Bxf8 Qxd5 28. Qxd5+
Rxd5 29. Ne6 $1 $18 {[%csl Rc5][%cal Ge6c7]}) 25. Ng5 f6 (25... a4 26. Ne4 a3
27. Bg5 $1 Ra8 $140 28. Be7 a2 29. Nf6+ Kh8 30. Qh6 $18) 26. Bxg7 fxe5 27. Bxf8
Rxf8 28. Ne6 $16 {,but the text looks more logical.}) 24... Kxg7 25. Rh4 h5 {
[#]} 26. Rxh5 $1 gxh5 ({The lesser of two evils was} 26... Rh8 27. Rxh8 Rxh8
28. Nxe5 Re8 29. d6 $16) 27. Qg5+ Kh7 28. Qxh5+ Kg7 29. Qg5+ Kh7 30. Qf5+ Kg8 (
30... Kg7 31. Re4 Qb1+ 32. Kh2 Qxe4 33. Qxe4 f6 34. Nh4 $18) 31. Ng5 Kg7 ({
Black passes by the last chance} 31... Bd3 32. Qxd3 f5 33. Rxe5 (33. Ne6 Rxd5
34. Qg3+ Kf7 35. Nxf8 Kxf8 36. Rxe5 Rxe5 37. Qxe5 $16) 33... c4 34. Qf3 {
with a strong attack.}) 32. Re3 Qd1+ 33. Kh2 Rd6 (33... Qh5 34. Rg3 Qg6 35.
Ne6+ $18) 34. Rg3 1-0